| 000 | 01002cam a22002895a 4500 | ||
|---|---|---|---|
| 001 | 3033627 | ||
| 005 | 20201124142305.0 | ||
| 008 | 950607r20111999enka frb 001 0 eng d | ||
| 020 | _a0750644443 (pbk. : v. 1) | ||
| 040 |
_aDLC _beng _cDLC _dDLC _dEG-ScBUE |
||
| 082 | 0 | 4 |
_a660 _bCOU _222 |
| 245 | 0 | 0 |
_aCoulson & Richardson's chemical engineering / _cJ. M. Coulson ... [et al.] |
| 246 | 3 | _aCoulson and Richardson's chemical engineering | |
| 246 | 3 | 0 | _aChemical engineering |
| 250 | _a6th ed., Reprint ed. | ||
| 260 |
_aOxford ; _aBurlington : _bButterworth-Heinemann, _c2011. |
||
| 300 |
_av. 1 (xxvii, 895 p.) : _bill. ; _c25 cm. |
||
| 500 | _aIndex : p. 869-895. | ||
| 500 | _aReprinted of the 1999 ed. | ||
| 504 | _aIncludes bibliographical references. | ||
| 505 | 1 | _av. 1. Fluid flow, heat transfer, and mass transfer. | |
| 651 | _2BUEsh | ||
| 653 |
_bENGGEN _cSeptember2015 |
||
| 655 |
_vReading book _934232 |
||
| 700 | 1 |
_aCoulson, J. M. _q(John Metcalfe) _938445 |
|
| 942 |
_2ddc _k660 COU |
||
| 999 |
_c20874 _d20846 |
||